[Event "30 min / Partie"]
[Site "?"]
[Date "2025.12.25"]
[Round "19"]
[White "King Element 300 mhz, Millenium"]
[Black "Phoenix London 1400 Mhz, Mephisto"]
[Result "0-1"]
[Annotator "mpill"]
[WhiteElo "2599"]
[BlackElo "2500"]
[WhiteFideId "-1"]
[BlackFideId "-1"]
[PlyCount "192"]
[GameId "2258999477342219"]

{[%evp 26,191,33,33,88,73,132,131,100,57,97,-16,-16,-13,-21,-17,-15,-105,-47,-50,-7,-50,-47,-165,-63,-209,-173,-203,-66,-181,-181,-201,-155,-263,-202,-208,-216,-194,-161,-225,-197,-271,-199,-289,-273,-311,-308,-351,-354,-374,-365,-379,-362,-384,-354,-430,-320,-434,-415,-430,-412,-431,-407,-428,-420,-423,-266,-425,-423,-424,-416,-415,-416,-408,-391,-407,-403,-404,-405,-415,-412,-411,-407,-400,-392,-386,-357,-450,-441,-448,-378,-477,-465,-470,-463,-462,-467,-468,-458,-473,-466,-497,-485,-480,-476,-509,-473,-479,-453,-523,-474,-497,-482,-543,-548,-526,-507,-734,-725,-736,-724,-7938,-992,-19976,-19976,-19986,-19986,-19992,-19993,-19992,-19993,-19994,-19991,-29981,-19993,-29984,-29985,-29985,-29986,-29986,-29987,-29987,-29988,-29988,-29989,-29989,-29990,-29989,-29989,-29989,-29990,-29990,-29991,-29991,-29992,-29992,-29993,-29993,-29994,-29994,-29995,-29995,-29996,-29996,-29997,-29998,-29999,-29999]} 1. e4 e5 2. Nf3 Nc6 3. d4 exd4 4. Bc4 Nf6 5. O-O Nxe4 6. Re1 d5 7. Bxd5 Qxd5 8. Nc3 Qa5 9. Nxe4 Be6 10. Neg5 O-O-O 11. Nxe6 fxe6 12. Rxe6 Bd6 13. Bg5 Rdf8 14. Qe2 Kd7 (14... Qd5 $14) 15. Re1 $16 {Weiß hat starke Türme und steht besser} Qxa2 {Eine scharfe Eröffnung} (15... a6 $142) 16. Qe4 Qa5 {[#] Weiß steht deutlich besser.} 17. Be7 {Manche mögen's heiß} (17. Re8 $1 $16 {[%csl Ge1,Ge8][%cal Re4e6]} Qxe1+ (17... Rxe8 18. Qg4+) (17... Bxh2+ $2 18. Kxh2 Rxe8 19. Qg4+ Kd6 20. Bf4+ Kc5 21. Rxe8 $18) 18. Nxe1 Rxe8 19. Qf5+ Re6 20. Qf7+ Ne7 21. Nd3 (21. Qxg7 Rxe1#)) 17... Bxe7 {[#]} (17... Nxe7 $14 18. Rxd6+ {[%csl Od4,Od7][%mdl 64] Doppelangriff} Kc8 19. Rxd4 Nc6) 18. Rxc6 $1 {Weiß steht aktiver.} Kc8 $1 $11 19. Rc4 Bf6 {[%cal Of8e8]} 20. Nxd4 {Und jetzt Dg4+ wäre schön.} Rd8 $36 {[%mdl 2048] Schwarz hat gut koordiniertes Spiel.} 21. Nf3 {[#]} (21. Ne6 $11 {bleibt in der Remisbreite.} Rhe8 22. b4) 21... Qd5 (21... Rhe8 $1 $17 {[%cal Re8e4]} 22. Qxe8 Rxe8 23. Rxe8+ Kd7) 22. Qf4 {[%csl Gc4][%cal Rf4c7]} Rd6 (22... c6 $15 {scheint genauer.} 23. Rce4 Bxb2) 23. Rb4 (23. h4 $11) 23... Rhd8 24. c4 (24. c3 $15) 24... Qd3 ({Vorzuziehen ist} 24... Qc6 $19 {...Td1 ist eine echte Drohung.} 25. Qe3 b6) 25. Ra4 (25. g3 $1 $15) 25... Kb8 {[%cal Od3c2]} 26. c5 Ra6 (26... Rd5 $19 27. Ra3 Qc2) 27. Rxa6 (27. Rae4 $1 $15) 27... Qxa6 $19 28. Qb4 Qc6 29. b3 (29. h4 $17 {ist wohl besser.}) 29... Qd5 {[%cal Oa7a5]} 30. h3 a6 31. Kh2 Ka7 32. Kg1 (32. Re3 $142) 32... h6 33. Rc1 (33. h4 $142) 33... Ka8 34. Qa3 (34. Re1 $142) 34... c6 35. Re1 Qd3 36. Kh2 Qc2 37. Re6 {[%cal Oe6c6]} Qxf2 38. Qb4 Qc2 39. Re3 h5 40. h4 Rc8 41. Kh1 Rf8 42. Kg1 Rh8 43. Kh1 Rb8 44. Kg1 Qf5 45. Qc4 Qd5 46. Qb4 (46. Qxd5 $142 cxd5 47. b4) 46... Rf8 47. Kh1 Rd8 48. Kg1 Qd1+ 49. Kh2 Qc2 50. Re6 Qf5 51. Re1 Kb8 52. Kg1 Qg4 53. Re4 Qg3 54. Re1 Kc8 55. Kf1 Qg4 56. Re4 Qf5 57. Qc4 Rd5 58. Rf4 Qb1+ 59. Kf2 Qb2+ 60. Kg3 a5 61. Re4 Qc3 62. Re8+ Kd7 63. Re4 Qxc4 {[%mdl 64] Ablenkung} 64. Rxc4 {[%mdl 4096] Endspiel KTL-KTS. Schwarz hat einen Mehrbauern.} Be7 65. Kf4 Bxc5 66. g4 g6 67. Re4 Kc7 68. gxh5 gxh5 69. Ng5 Rd3 70. Ne6+ Kd6 71. Nxc5 Kxc5 {KT-KT. Schwarz hat zwei Bauern mehr.} 72. Re5+ Kb4 73. Rxh5 Rxb3 74. Rh8 a4 75. Ra8 Rh3 76. Kg5 a3 77. Ra7 b5 78. Kg4 Rh1 79. Kf3 Kb3 80. Kg2 Rxh4 {Schwarz setzt Matt.} 81. Rf7 Rc4 82. Rf1 Kb2 83. Kf3 a2 84. Ke3 b4 85. Kd3 Rc2 86. Rh1 c5 87. Rf1 a1=Q 88. Rxa1 c4+ 89. Kd4 Kxa1 {KT-K} 90. Kc5 b3 91. Kd5 b2 92. Ke4 b1=Q 93. Ke3 Qd1 94. Kf4 Rf2+ 95. Ke3 Rf5 96. Ke4 Qd3# {Gewichteter Fehlerwert: Weiß=0.37/Schwarz=0.27 (präzise)   Fehler:       	Weiß=12    	Schwarz=6     Ungenau:       	Weiß=2     	Schwarz=1     OK:         	Weiß=9     	Schwarz=23    Bester:       	Weiß=3     	---        Stark:        	---       	Schwarz=1} 0-1

[Event "30 min / Partie"]
[Site "?"]
[Date "2025.12.29"]
[Round "20"]
[White "Phoenix London 1400 Mhz, Mephisto"]
[Black "King Element 300 mhz, Millenium"]
[Result "0-1"]
[Annotator "mpill"]
[WhiteElo "2500"]
[BlackElo "2599"]
[WhiteFideId "-1"]
[BlackFideId "-1"]
[PlyCount "300"]
[GameId "2260437367525515"]

{[%evp 13,299,31,48,25,29,31,38,27,30,-2,3,-15,-13,-5,-11,-12,-9,-19,-1,-57,-9,-29,-27,-57,-37,-80,-14,-90,0,-4,26,21,46,0,36,12,28,-12,-15,-85,-42,-171,-173,-284,-279,-289,-266,-251,-217,-237,25,-233,-178,-198,-191,-197,-137,-153,-145,-183,-175,-245,-187,-213,-198,-272,-203,-271,-276,-308,-273,-294,-271,-288,-288,-334,-321,-317,-279,-280,-282,-330,-271,-334,-272,-332,-267,-253,-265,-280,-218,-214,-196,-201,-194,-204,-172,-168,-176,-219,-108,-253,-118,-141,-146,-201,-141,-132,-91,-135,-115,-160,-130,-148,-140,-211,-126,-152,-147,-176,-173,-165,-150,-161,-139,-139,-119,-119,-121,-120,-116,-122,-119,-120,-8,-115,-112,-120,-115,-115,-121,-114,-119,-114,-111,-125,-117,-127,-119,-114,-114,-113,-57,-109,-83,-112,-111,-111,-99,-115,-107,-112,-108,-111,-109,-104,-104,-99,-94,-104,-104,-175,-21,-38,0,0,18,0,33,0,37,0,34,0,38,0,0,-6,39,-3,0,-140,-140,-138,-135,-349,-340,-340,-336,-318,-305,-381,-376,-393,-379,-427,-422,-414,-391,-410,-405,-407,-419,-436,-432,-463,-443,-562,-556,-538,-539,-719,-688,-812,-805,-841,-808,-791,-760,-19971,-19972,-19981,-19982,-19982,-19979,-19983,-19984,-19993,-19994,-29972,-19994,-19997,-19998,-29978,-29979,-29978,-29980,-29980,-29981,-29981,-29982,-29981,-29982,-29983,-29984,-29985,-29986,-29986,-29987,-29987,-29988,-29988,-29989,-29989,-29990,-29990,-29990,-29991,-29991,-29991,-29992,-29992,-29993,-29993,-29994,-29994,-29995,-29995,-29996,-29996,-29997,-29997,-29997,-29997,-29998,-29998,-29999,-29999]} 1. d4 d5 2. c4 c6 3. Nf3 e6 4. e3 {Buchende} f5 5. Nc3 Nf6 6. Be2 Bd6 7. O-O O-O {Buchende} 8. b3 b6 9. Bb2 Nbd7 10. Rc1 {Weiß steht etwas besser.} Bb7 11. cxd5 exd5 12. Qc2 g6 13. Bd3 Qe7 14. Ne2 Ne4 15. Nf4 Rae8 16. Ne2 (16. Be2 $11) 16... Ndf6 {[%csl Oe4] Starkes Feld Schwarz (e4)} (16... Rf6 $15) 17. h3 Nd7 18. Rfe1 a5 19. Red1 (19. a3 $15) 19... h6 (19... g5 $17) 20. Ra1 (20. a3 $11) 20... Kg7 {Schwarz hat starke Türme und steht besser} (20... g5 $17) 21. a3 $11 {[%cal Ob3b4]} b5 22. Rdc1 {[%cal Of3e5]} Bb8 23. Bc3 (23. Ne5 $14) 23... Bc7 (23... g5 $11) 24. Be1 {b4 wäre nun fies.} Bb6 25. b4 (25. Ra2 $142) 25... a4 26. Nf4 (26. Bc3 $11) 26... Ba7 (26... g5 $17 27. Ne2 Qe6) 27. h4 (27. Ne2 $15) 27... g5 $1 $19 28. hxg5 (28. Ne2) 28... hxg5 29. Nh5+ Kg6 30. Ng3 g4 31. Bxe4 dxe4 (31... fxe4 $19 32. Nh2 Qh4) 32. Nd2 {[%mdl 8192]} (32. Ne5+ $1 $11 Nxe5 33. dxe5) 32... Bb8 33. Ndf1 Nb6 34. Qc5 Nd5 {Aktives Gegenspiel!} (34... Qd8 $19 35. d5 Bd6 (35... cxd5 36. Qxb5 Re7 37. Bc3 $14) (35... Nxd5 36. Bc3 $17)) 35. Qxe7 $17 Rxe7 {Erfolgreiche Verteidigung Schwarz} 36. Bc3 {Weiss ist schwach auf den weissen Feldern} (36. Ne2 $17) 36... Rh7 37. Rc2 (37. Ne2 $142) 37... Bc8 38. Bb2 Bd7 39. Rd1 (39. Ne2 $142) 39... Bd6 40. Ra1 Rfh8 41. Rac1 Rh6 42. Rd1 Kf7 43. Rdc1 Ke7 44. Ra1 Kd8 45. Rd1 Kc7 46. Rdc1 Kb7 47. Ba1 Be7 48. Bb2 R6h7 49. Ra1 Kc7 50. Rd1 Bd6 51. Rdc1 f4 52. exf4 Bxf4 53. Re1 {[#]} Bf5 $1 {[%cal Oe4e3][%mdl 64] Ablenkung, Grundreihe} 54. Rce2 {[#]} Kb7 $1 {[%cal Of4c7]} 55. Bc1 Bc7 {[%cal Oe4e3]} 56. Bg5 (56. Be3) 56... Bg6 (56... e3 $1 $19 57. Nxe3 Bxg3 58. fxg3 Bd3 59. Nxd5 Bxe2 60. Rxe2 cxd5 (60... Rh1+ 61. Kf2 $19)) 57. Ra2 (57. Ne3 $17) 57... Rg7 (57... e3 $19 {bietet bessere Gewinnchancen.} 58. Bxe3 Rd7) 58. Rae2 Re8 {[%cal Oe4e3]} 59. Bc1 (59. Rc1 $17) 59... Rge7 {[%cal Oe4e3]} 60. Bg5 Re6 (60... Rg7 $142 $1 61. Bd2 e3 62. Bxe3 (62. Nxe3 $2 Nf4 $17) 62... Nc3) 61. Rd2 (61. Ne3) 61... Rg8 {[%cal Oe4e3]} 62. Rde2 (62. Be3 $142) 62... Bh7 63. Bd2 {[%cal Rg3e4]} Rge8 {[%cal Oe4e3]} 64. Bg5 (64. Be3 $17) 64... Bb8 (64... e3 $1 $19 {...Ld3 soll folgen} 65. fxe3 Nc3) 65. Nh5 Rg8 {Wehrt Sg7 ab} 66. Bc1 Bg6 67. Nhg3 {[%cal Rg3e4]} Rge8 68. Ra2 R6e7 {[%cal Oe4e3]} 69. Be3 Rh7 70. Rc2 Bc7 71. Rec1 Re6 72. Ne2 Bb8 73. Rc5 Rf7 (73... Bf7 $17 74. Bd2 e3 75. Bxe3 Bg6) 74. Neg3 (74. Nc3 $11 Nxc3 75. R5xc3) 74... Bc7 75. R5c2 Bh7 76. Ne2 Rd7 77. Re1 Bg6 78. Rec1 Rh7 79. Nfg3 Rh8 80. Rc5 Rf8 81. Nf1 Bb6 82. R5c2 Ref6 ({Günstiger ist} 82... Bf7 $17 83. g3 Rd6) 83. Nh2 (83. Nc3 $15) 83... Bf5 84. Ng3 Bh7 85. Nhf1 (85. Nxg4 $2 Rg6 86. Ne5 Rxg3 87. Rxc6 Nxe3 88. Rxb6+ Kxb6 $19) 85... Rg8 86. Nd2 Re6 87. Ndf1 Rg7 88. Re1 Rd7 89. Rd1 Rf6 90. Rdc1 Rfd6 91. Nd2 Re6 92. Rd1 (92. Ndf1 $17) 92... Nxe3 $2 (92... Bxd4 $19 93. Bxd4 e3) 93. fxe3 $11 Bg6 (93... Bg8 $15) 94. Ne2 Rf7 95. Rdc1 (95. Nf4 $2 Rxf4 96. Nf1 Rf7 $19) 95... Ref6 96. Ng3 Rd7 (96... Rf8 $11) 97. Ndf1 (97. Rf1 $14 Rxf1+ 98. Ndxf1) 97... Bh7 98. Nh2 Rd8 (98... Re7 $11) 99. Nhf1 (99. Nxg4 $2 Rg6 100. Nh5 Rxg4 $19) (99. Rf1 $14 Rxf1+ 100. Ngxf1) 99... Rdf8 100. Nd2 Re6 (100... Bc7 $11 101. Ndf1 (101. Ngxe4 Rh6 $15) 101... Rd8) 101. Ne2 (101. Rf1 $14 {sieht stärker aus.} Rxf1+ 102. Ndxf1) 101... Rh6 102. Rc3 {Schwarz bringt die Sache ungefährdet zu Ende.} (102. Rf1 $11 {hält das Gleichgewicht.} Rf3 103. gxf3 exf3 104. Rcc1) 102... Bc7 $17 103. g3 {[%cal Od4d5]} Rh8 $1 104. d5 $2 (104. Kg2 $17 {ist wohl besser.}) 104... Bg8 $1 $19 105. dxc6+ {[#]} ({Und nicht} 105. Nxe4 Rh1+ 106. Kg2 R8h2#) 105... Kb6 $1 {( -> ...Th1+)} 106. Nf1 {[#]} Bc4 $1 107. Rxc4 bxc4 108. Rxc4 Rxc6 109. Rxe4 Rc2 110. Nd4 Ra2 111. Rxg4 Rxa3 112. Rg6+ Kb7 113. Rg7 {[%cal Og7c7]} Rc3 114. Nb5 Rc1 115. Kg2 Rc2+ 116. Kg1 Rf8 117. Nh2 Kb6 118. Na3 Rc3 {[%csl LRa3,LRe3]} 119. Rg6+ Kb7 120. Nb5 Rxe3 121. Nxc7 Kxc7 {[%mdl 4096] Endspiel KTT-KTS} 122. g4 Rg3+ 123. Kh1 Rh8 124. Ra6 Rgh3 125. Rxa4 Rxh2+ 126. Kg1 Rb2 127. Ra7+ Kb6 128. Rf7 Rd8 {Schwarz setzt Matt.} 129. Rf6+ Kb5 130. Rf5+ Kxb4 131. Rf4+ Ka3 132. Rf3+ Ka2 133. Rf2 Rd4 134. Rg2 Rxg2+ 135. Kxg2 Rxg4+ {KT-K} 136. Kf3 Rc4 137. Ke3 Kb3 138. Kd3 Rh4 139. Ke3 Kc4 140. Kf3 Kd4 141. Kg3 Re4 142. Kf2 Re3 143. Kf1 Kd3 144. Kf2 Kd2 145. Kg1 Ke1 146. Kg2 Ke2 147. Kg1 Rg3+ 148. Kh1 Kf1 149. Kh2 Kf2 150. Kh1 Rh3# {Gewichteter Fehlerwert: Weiß=0.41/Schwarz=0.37  Verlustzug:     	Weiß=2     	---        Gewinn verpasst:   	---       	Schwarz=1     Fehler:       	Weiß=24    	Schwarz=17    Ungenau:       	Weiß=7     	Schwarz=3     OK:         	Weiß=23    	Schwarz=29    Bester:       	Weiß=3     	Schwarz=5     Stark:        	---       	Schwarz=5} 0-1

[Event "30 min / Partie"]
[Site "?"]
[Date "2025.12.30"]
[Round "21"]
[White "King Element 300 mhz, Millenium"]
[Black "Phoenix London 1400 Mhz, Mephisto"]
[Result "1/2-1/2"]
[Annotator "mpill"]
[WhiteElo "2599"]
[BlackElo "2500"]
[WhiteFideId "-1"]
[BlackFideId "-1"]
[PlyCount "137"]
[GameId "2260762592624819"]

{[%evp 22,137,25,25,21,-28,-34,-34,-34,-31,-31,-35,-27,-33,-38,-43,-19,-39,0,0,0,0,0,0,0,0,0,0,0,-1,0,0,0,2,0,1,0,0,0,0,0,0,0,0,0,0,0,0,0,0,0,0,0,0,0,0,0,0,0,0,0,0,0,0,0,0,0,0,0,0,0,0,0,0,0,0,0,0,0,0,0,0,0,0,0,0,0,0,0,0,0,0,0,0,0,0,0,0,0,0,0,0,0,0,0,0,0,0,0,0,0,0,0,0,0,0,0,0]} 1. Nf3 Nf6 2. d4 e6 3. c4 b6 4. g3 Ba6 5. b3 Bb4+ 6. Bd2 Be7 7. Nc3 O-O 8. e4 d5 9. cxd5 Bxf1 10. Kxf1 exd5 11. e5 Ne4 12. Kg2 {Buchende} c5 {Buchende} 13. dxc5 (13. Qc2 $142 Nxc3 14. Qxc3) 13... bxc5 $11 14. Re1 Nxc3 {Schwarz steht etwas besser.} 15. Bxc3 d4 16. Bd2 Nc6 17. Qe2 Qd5 18. Rac1 Rad8 19. Qd3 f6 (19... a5 $15 {ist eher angebracht.}) 20. exf6 {Die Stellung ist ausgeglichen.} Rxf6 {[#]} 21. Bg5 (21. Qe4 {vereinfacht} h6 22. Qxd5+ Rxd5 23. Re2) 21... Rf7 22. Bxe7 Nxe7 23. Re5 Qb7 24. Rcxc5 {[#]} (24. Rexc5 $2 Rdf8 25. Kg1 (25. Rc7 $2 Qa8 $19) 25... Rxf3 $19 (25... Qxf3 $2 26. Qxd4 Qxf2+ 27. Qxf2 $19)) 24... Rdf8 $1 {[%cal Rf7f3]} 25. Qe4 (25. Rb5 {wäre vielleicht verwirrender.} Qd7 26. Qc4 Qc6 27. Qxc6 Nxc6 28. Rec5) 25... Qxe4 26. Rxe4 {[%cal Oc5c2]} Ng6 (26... Rxf3 27. Rxe7 Rxf2+ 28. Kh3 $14) 27. Nxd4 Rxf2+ 28. Kh3 Rxa2 29. Ne6 Re8 30. Rc7 Nf8 31. Nc5 ({Viel schlechter ist} 31. Rxg7+ Kh8 32. Ra4 Nxe6 $17 (32... Rxe6 33. Rxh7+ Kxh7 34. Rxa2 $17)) 31... Rxe4 32. Nxe4 {[%mdl 4096] Endspiel KTS-KTS} Ne6 33. Re7 Nd4 34. Ng5 {[%cal Re7e8]} g6 35. Nxh7 (35. Rxh7 $2 {verliert.} Nf3 (35... Nxb3 36. Rd7 $11) 36. Nxf3 Kxh7 $19) 35... Nxb3 36. Kg4 Ra5 37. h4 Nd4 38. Ng5 Nf5 39. Re6 Ra4+ 40. Ne4 (40. Kh3 $5 Kg7 $8 41. Rc6 $11) 40... Ng7 41. Re5 (41. Rxg6 Rxe4+ 42. Kf3 Ra4 $17) 41... Kf7 42. Kg5 Rd4 43. g4 a5 44. Kf4 Ne6+ 45. Ke3 {[%cal Oe5e6]} Ra4 46. h5 Ra3+ 47. Kd2 Nd4 48. Rd5 Nf3+ 49. Kc2 gxh5 50. gxh5 Ke6 51. Rc5 Re3 52. Nc3 Re5 53. Rc6+ Kf7 {...Sd4+ soll folgen} 54. Rc7+ Kg8 55. h6 Nd4+ 56. Kd3 {[%cal Oc3e4] Und jetzt Se4! wäre schön.} Ne6 57. h7+ Kh8 58. Ra7 Rh5 59. Ne4 Nf8 60. Nf6 Rf5 61. Rf7 Ng6 62. Kc3 Rf3+ 63. Kc2 a4 64. Kb2 Rf2+ 65. Ka3 Rf4 66. Ka2 Rf2+ 67. Ka3 Rf4 68. Ka2 Rf2+ 69. Ka3 {Gewichteter Fehlerwert: Weiß=0.02 (makellos) /Schwarz=0.02 (makellos)   Fehler:       	Weiß=1     	Schwarz=1     OK:         	Weiß=20    	Schwarz=27    Bester:       	Weiß=1     	Schwarz=2     Stark:        	---       	Schwarz=1} 1/2-1/2

[Event "30 min / Partie"]
[Site "?"]
[Date "2026.01.03"]
[Round "22"]
[White "Phoenix London 1400 Mhz, Mephisto"]
[Black "King Element 300 mhz, Millenium"]
[Result "1-0"]
[Annotator "mpill"]
[WhiteElo "2500"]
[BlackElo "2599"]
[WhiteFideId "-1"]
[BlackFideId "-1"]
[PlyCount "151"]
[GameId "2262248321798155"]

{[%evp 11,150,102,129,123,182,182,195,157,146,155,161,158,166,157,163,161,156,151,152,154,161,131,146,126,133,132,140,132,136,84,98,82,60,9,46,51,48,52,47,50,149,129,152,142,154,160,221,204,226,188,229,238,239,123,126,127,120,113,122,120,107,30,51,0,0,0,0,0,522,512,482,452,538,534,605,598,597,587,627,627,595,561,629,610,652,703,702,653,826,807,8053,1132,2518,967,19974,19975,19976,19975,19980,19977,19982,19979,19980,19983,19984,19982,19982,19983,19984,19984,19988,19987,19992,19989,29983,29984,29985,29986,29985,29987,29987,29987,29989,29990,29990,29991,29991,29992,29993,29994,29994,29995,29995,29996,29996,29997,29997,29998,29998,29999,29999]} 1. d4 e6 2. e4 d5 3. Nd2 Nf6 4. e5 Ne4 5. Nxe4 dxe4 6. Bc4 {Buchende} c5 {Buchende} 7. d5 Qb6 (7... a6 $16) 8. c3 $18 exd5 9. Bxd5 {Weiß steht deutlich besser.} Nc6 10. Qe2 {Weiß steht aktiver.} Bf5 11. Bxe4 Bxe4 12. Qxe4 {Weiß hat eine Bauernmehrheit am Königsflügel} O-O-O 13. Nf3 Qb5 14. a4 Qd3 15. Qxd3 Rxd3 16. Be3 Be7 17. Rd1 Rxd1+ 18. Kxd1 Rd8+ 19. Ke2 Rd5 20. c4 (20. Bf4) 20... Rd8 $16 21. Rb1 b6 22. Rd1 (22. Re1 $14) 22... Re8 (22... Rxd1 $11 {war vorzuziehen.} 23. Kxd1 Kd7) 23. Rd3 $14 f6 24. exf6 Bxf6 25. b3 Nd4+ (25... Bd4 $1 $14) 26. Kf1 $16 Nxf3 27. gxf3 {[%mdl 4096] Endspiel KTL-KTL. Weiß hat einen Mehrbauern.} Kc7 28. f4 Be7 (28... Re6 $16 {ist wohl besser.} 29. f5 Re4) 29. Rd5 Bf6 30. Ke2 Kc6 (30... Re7 $142 31. Rh5 h6) 31. Kf3 $18 Re7 {[#]} 32. h4 Bxh4 $16 33. Rh5 {[%csl LRh4,LRh7]} Bf6 34. Rxh7 Rd7 {[#]} 35. Ke2 {Wehrt Td3 ab} Rd8 36. f5 (36. Rh1 $16) 36... Re8 37. f4 ({Besser ist} 37. Kf3 $14) 37... Bd4 $11 38. Rh3 a6 39. Kd3 Rd8 {[%mdl 8192] Weiß verwandelt nun seinen Vorteil.} (39... Bxe3 $11 {und Schwarz muss sich keine Sorgen machen.} 40. Rxe3 Rxe3+ 41. Kxe3 Kd7) 40. Bxd4 $18 Rxd4+ {KT-KT. Weiß hat einen Mehrbauern.} 41. Ke3 Rd7 42. Rg3 Re7+ 43. Kf3 Kc7 44. Rg6 Kb7 45. Kg4 Rd7 46. Kh5 Kc7 {[#]} 47. a5 $1 {[%mdl 512]} bxa5 (47... Rf7 48. Rxb6) 48. Rxa6 Rd4 49. Rxa5 Kb6 50. Rb5+ Kc6 {[#]} 51. f6 $1 {Droht f7 und aus.} gxf6 (51... Re4 52. fxg7) 52. f5 Rd3 53. Kg6 Rd6 54. Kf7 Rd8 55. Kxf6 Rd3 56. Kf7 Rd7+ 57. Kg6 Rd3 58. f6 Rg3+ 59. Kf7 Kd6 60. Kf8 Kc6 61. f7 Rg1 62. b4 cxb4 63. Ke7 {Weiß setzt Matt.} Rf1 64. f8=Q Rxf8 65. Kxf8 {KT-KB} Kd6 66. Ke8 Kc7 67. Rxb4 {KT-K} Kc6 68. Rb5 Kd6 69. Kf7 Kd7 70. Rb6 Kc7 71. c5 Kd7 72. Kf6 Kd8 73. Ke6 Kc7 74. Ke7 Kc8 75. Kd6 Kd8 76. Rb8# {Gewichteter Fehlerwert: Weiß=0.12 (sehr präzise) /Schwarz=0.66  Verlustzug:     	---       	Schwarz=1     Fehler:       	Weiß=5     	Schwarz=5     OK:         	Weiß=17    	Schwarz=15    Bester:       	Weiß=6     	Schwarz=1} 1-0